00390pab a2200157 454500008004000000100001900040245003700059260000900096300001200105362001100117650001800128650001900146650003000165650002200195773001500217180718b1998 xxu||||| |||| 00| 0 eng d aAhmad, S. Sami aIn support of caste-based census c1998 ap.24-26 a17 Oct aCaste - India aCensus - India aPopulation census - India aPopulation census aMainstream